The elements of style

Сохранить в:
Библиографические подробности
Главные авторы: Strunk, William (Автор), White, E. B (Автор)
Формат:
Язык:английский
Опубликовано: Nueva York MacMillan Publishing Co. Inc 1979
Londres Collier MacMillan Publishers 1979
Редактирование:3a. ed
Предметы:
Метки: Добавить метку
Нет меток, Требуется 1-ая метка записи!

MARC

LEADER 00000cam a2200000 a 4500
001 UCC6796
003 CL-VaPUC
008 190111e19790000us |||||||||||||||||eng|d
020 |a 0024182001 
082 0 4 |a 808.042  |b STR  |2 21 
100 0 |a Strunk, William  |e author  |9 601307 
700 0 |a White, E. B  |e author  |9 601308 
245 1 4 |a The elements of style 
250 |a 3a. ed 
300 |a 92 p 
942 |c BK 
945 |d 20190111 14:04:00  |a dcastane 
260 |a Nueva York  |b MacMillan Publishing Co. Inc  |c 1979 
260 |a Londres  |b Collier MacMillan Publishers  |c 1979 
650 0 |a Lengua inglesa  |9 453712 
650 0 |a Gramática inglesa  |9 392981 
650 0 |a Redacción   |9 320524 
583 |a last modification  |c 20190111 14:04:00  |k Rodrigo Vera 
999 |c 373650  |d 373648 
952 |0 0  |1 0  |3 erb  |4 0  |6 808_042000000000000_STR_1979_1979  |7 0  |8 A  |9 491845  |a BIBING  |b BIBING  |i 5527694  |o 808.042 STR 1979 1979  |p 5527694  |r 2025-01-20  |w 2019-11-24  |y BK  |z Catalogado en:20190111  |k EIQ